000 01141nam0a22003251 4500
001 RU\NLR\INFOCOMM_41\5000240166
005 20250613085734.0
035 _a(NLR Aleph) 009041722
090 _a9546106
_c9546106
100 _a20080722d1966 |||y0rusy50 ca
101 0 _aspa
102 _aRU
105 _ay z 000zy
200 1 _aAcerca de la herencia teórico-militar de V. I. Lenin
_f[... autores: V. Tsvetkov, E. Ribkin, Ya. Dziuba [et al.]
_gtrad. del ruso por Joaquín Rodriguez]
210 _aМ.
_cProgreso
_d[1966]
215 _a326 с.
_d21 см
300 _aНа 2-й с.: О военно-теоретическом наследии В. И. Ленина
517 1 _aО военно-теоретическом наследии В. И. Ленина
686 _aМ-Л120
_2rubbk
701 1 _aCvetkov
_bV. G.
_4070
701 1 _aRibkin
_bE.
_4070
701 1 _aDziuba
_bYa.
_4070
702 1 _aLenin
_bV. I.
_f1870-1924
_gVladimir Il'ič
_4570
790 1 _9z01701
_aTsvetkov
_bV.
_4070
801 1 _aRU
_bNLR
_c20080722
801 0 _aRU
_bNLR
_gPSBO
852 _aNLR
_jМ21 Г-3/165
942 _cBOOK
980 _aNB